Luxe interior (Record no. 169230)

MARC details
000 -LEADER
campo de control de longitud fija 01098nam a22002895i 4500
001 - NÚMERO DE CONTROL
campo de control 169230
003 - IDENTIFICADOR DE NÚMERO DE CONTROL
campo de control ES-MaACL
005 - FECHA Y HORA DE LA ÚLTIMA TRANSACCIÓN
campo de control 20230906214032.0
008 - DATOS DE LONGITUD FIJA--INFORMACIÓN GENERAL
campo de control de longitud fija 080822s2003 sp |||| | spa d
017 ## - NÚMERO DE COPYRIGHT O DE DEPÓSITO LEGAL
Número de copyright o de depósito legal B-22.925-2003
020 ## - NÚMERO INTERNACIONAL ESTÁNDAR DEL LIBRO
Número Internacional Estándar del Libro 84-7664-814-6
080 ## - NÚMERO DE LA CLASIFICACIÓN DECIMAL UNIVERSAL
Número de la Clasificación Decimal Universal 739.2.036(083.824)
245 00 - MENCIÓN DEL TÍTULO
Título Luxe interior
Resto del título : joieria contemporània internacional /
Mención de responsabilidad, etc. exposició produïda i organitzada per la Fundació "la Caixa" amb la col.laboració d'Ofebres FAD ; [text de catàleg, Mònica Gaspar].
250 ## - MENCION DE EDICION
Mención de edición 1 ª ed.
260 ## - PUBLICACIÓN, DISTRIBUCIÓN, ETC.
Lugar de publicación, distribución, etc. Barcelona :
Nombre del editor, distribuidor, etc. Fundació "la Caixa",
Fecha de publicación, distribución, etc. 2003.
300 ## - DESCRIPCIÓN FÍSICA
Extensión 136 p. :
Otras características físicas il. col. ;
Dimensiones 21 x 21 cm.
546 ## - NOTA DE IDIOMA
Nota de lengua/lenguaje Texto en catalán, español e inglés.
650 14 - PUNTO DE ACCESO ADICIONAL DE MATERIA--TÉRMINO DE MATERIA
Término de materia o nombre geográfico como elemento de entrada Joyas-
Subdivisión cronológica S.XX-
Subdivisión de forma Exposiciones.
9 (RLIN) 138311
655 #7 - TERMINO DE INDIZACIÓN--GENERO/FORMA
Fuente del término tgfbne
9 (RLIN) 193628
Datos o término principal de género/forma Catálogos de exposiciones
700 1# - ENTRADA AGREGADA--NOMBRE PERSONAL
Nombre de persona Gaspar, Mònica.
9 (RLIN) 138313
710 2# - ENTRADA AGREGADA--NOMBRE DE ENTIDAD CORPORATIVA
Nombre de entidad corporativa o nombre de jurisdicción como elemento de entrada Fundació "la Caixa"
9 (RLIN) 173255
710 2# - ENTRADA AGREGADA--NOMBRE DE ENTIDAD CORPORATIVA
Nombre de entidad corporativa o nombre de jurisdicción como elemento de entrada Fomento de las Artes Decorativas.
9 (RLIN) 138312
740 0# - ENTRADA AGREGADA--TÍTULO RELACIONADO/ANALÍTICO NO CONTROLADO
Título relacionado o analítico no controlado Lujo interior : joyería contemporánea internacional.
852 4# - LOCALIZACIÓN
Ubicación ES-MaACL
Número de control de estantería L-29542
942 ## - ELEMENTOS DE ENTRADA SECUNDARIOS (KOHA)
Fuente del sistema de clasificación o colocación Clasificación decimal universal
Holdings
Estatus retirado Estado de pérdida Estado de daño No para préstamo Biblioteca de origen Biblioteca actual Ubicación en estantería Fecha de adquisición Fuente de adquisición Total de préstamos Signatura topográfica completa Código de barras Visto por última vez Precio de reemplazo Tipo de ítem Koha
        Biblioteca del Ateneo de Madrid Biblioteca del Ateneo de Madrid Depósito 2 22/08/2008     L-29542 1177674 23/02/2023 23/02/2023 Libro impreso